Soccer in 2012 - Statistics

General Stats
  • This quiz has been taken 2,743 times
  • The average score is 10 of 15
Answer Stats
Hint Answer % Correct
Champions League Winners Chelsea
95%
Euro 2012 Winners Spain
91%
Liga BBVA Winners Real Madrid
90%
Champions League Runners-Up Bayern Munich
88%
Bundesliga Winners Borussia Dortmund
85%
Serie A Winners Juventus
85%
English Premier League Winners Manchester City
85%
Euro 2012 Runners-Up Italy
81%
Scottish Premier League Winners Celtic
76%
Primeira Liga Winners FC Porto
60%
MLS Winners LA Galaxy
55%
Europa League Winners Athletico Madrid
54%
Ligue 1 Winners Montpellier
43%
Europa League Runners-Up Athletic Bilbao
32%
Campeonato Brasileiro Série A Winners Corinthians
25%
No matching quizzes found
Score Distribution
Percent of People with Each Score
Percentile by Number Answered
Your Score History
You have not taken this quiz